| 000 | 00791nam a22002417a 4500 | ||
|---|---|---|---|
| 003 | OSt | ||
| 005 | 20240527162026.0 | ||
| 008 | 240527b ||||| |||| 00| 0 spa d | ||
| 020 | _a9789800123331 | ||
| 040 | _cCO-Mq BPB | ||
| 041 | _aspa | ||
| 082 |
_a987 _bS15a |
||
| 100 |
_aSanoja, Mario _eautor |
||
| 245 |
_aEl agua y el poder: _bcaracas y la formación del estado colonial caraqueño 1567-1700 |
||
| 250 |
_a1ª edición Banco Central de Venezuela _b2022 |
||
| 264 |
_aCaracas- Venezuela _bMonte Ávila Editores Latinoamericana _c2022 |
||
| 300 |
_a341 páginas _bilustraciones a blanco y negro, tapa rustica _c22 cm |
||
| 650 | _a Historia de venezuela | ||
| 650 | _aExcavaciones | ||
| 650 | _aEstado colonial | ||
| 700 |
_aVargas Arenas, Iraida _eautor |
||
| 942 |
_2ddc _cBK |
||
| 999 |
_c15521 _d15521 |
||